000 00627nam a22001937a 4500
005 20251108171138.0
008 250721s1985 xx 000 0 ara d
082 1 4 _a327.1/زور
100 1 _aشارل، زور غبيب
245 1 0 _aسياسة الكبار في البحر الأبيض المتوسط /
264 1 _aطرابلس ( لبنان) :
_bجروس بروس،
_c1985.
300 _a146ص
490 0 _aسلسلة آفاق دولية ؛1
650 1 7 _aالعلاقات الدولية
650 1 7 _aالسياسة الدولية
700 1 _aخضر، خضر
_eترجمة
942 _2ddc
_cBK
999 _c57749
_d57749